[Event "Orsha IM"]
[Site "Orsha"]
[Date "2021.04.09"]
[Round "6"]
[White "Naumkin, Igor"]
[Black "Nazarov, Denis"]
[Result "1/2-1/2"]
[WhiteElo "2265"]
[BlackElo "2157"]
[PlyCount "83"]
[EventDate "2021.04.06"]
[EventType "tourn"]
[EventRounds "9"]
[EventCountry "BLR"]
[SourceTitle "CBM 202 Extra"]
[Source "ChessBase"]
[SourceDate "2021.07.31"]
[SourceVersion "1"]
[SourceVersionDate "2021.07.31"]
[SourceQuality "1"]

1. d4 d5 2. c4 dxc4 3. Nf3 a6 4. a4 Bg4 5. e3 Nf6 6. Bxc4 e6 7. h3 Bh5 8. 0-0 Be7 9. Nc3 Nc6 10. Be2 0-0 11. b3 Nb4 12. Ne5 Bxe2 13. Qxe2 c5 14. dxc5 Qc7 15. Nc4 Bxc5 16. Bb2 Rfd8 17. Rfd1 h6 18. Rxd8+ Rxd8 19. Rd1 Rxd1+ 20. Qxd1 Qd7 21. Qxd7 Nxd7 22. Kf1 f5 23. Ke2 Kf7 24. Na5 b6 25. Nc4 e5 26. e4 g6 27. f3 Bd4 28. Nd1 Bxb2 29. Ndxb2 Ke6 30. exf5+ gxf5 31. g4 Nc6 32. Nd2 b5 33. axb5 axb5 34. Nd3 Kd5 35. h4 Nd4+ 36. Kf2 fxg4 37. fxg4 Nf6 38. g5 hxg5 39. hxg5 Nh5 40. Nb4+ Ke6 41. Na6 Kf5 42. Nc7 1/2-1/2

[Event "Orsha IM"]
[Site "Orsha"]
[Date "2021.04.08"]
[Round "5"]
[White "Nazarov, Denis"]
[Black "Alekseev, Vadim"]
[Result "1-0"]
[WhiteElo "2157"]
[BlackElo "2340"]
[PlyCount "69"]
[EventDate "2021.04.06"]
[EventType "tourn"]
[EventRounds "9"]
[EventCountry "BLR"]
[SourceTitle "CBM 202 Extra"]
[Source "ChessBase"]
[SourceDate "2021.07.31"]
[SourceVersion "1"]
[SourceVersionDate "2021.07.31"]
[SourceQuality "1"]

1. Nf3 f5 2. d3 d6 3. e4 e5 4. Nc3 Nf6 5. exf5 Bxf5 6. d4 e4 7. Nh4 Qd7 8. Be2 d5 9. Nxf5 Qxf5 10. g4 Qe6 11. g5 Nfd7 12. Bg4 Qf7 13. Ne2 Bd6 14. Be3 Nb6 15. b3 Nc6 16. Qd2 a5 17. a4 Nb4 18. h4 Nd7 19. Rf1 0-0 20. h5 Rad8 21. g6 hxg6 22. hxg6 Qxg6 23. Rg1 Qf7 24. 0-0-0 Rfe8 25. Bh6 Bf8 26. Nf4 Nf6 27. Bf5 e3 28. fxe3 Ne4 29. Bxe4 dxe4 30. Rdf1 Rd6 31. Qh2 Rc6 32. c4 Rf6 33. Bg5 Nd3+ 34. Kc2 Rxf4 35. Bxf4 1-0

[Event "Orsha IM"]
[Site "Orsha"]
[Date "2021.04.07"]
[Round "3"]
[White "Nazarov, Denis"]
[Black "Mkrtchyan, Mariam"]
[Result "0-1"]
[WhiteElo "2157"]
[BlackElo "2127"]
[PlyCount "88"]
[EventDate "2021.04.06"]
[EventType "tourn"]
[EventRounds "9"]
[EventCountry "BLR"]
[SourceTitle "CBM 202 Extra"]
[Source "ChessBase"]
[SourceDate "2021.07.31"]
[SourceVersion "1"]
[SourceVersionDate "2021.07.31"]
[SourceQuality "1"]

1. e4 c6 2. d4 d5 3. exd5 cxd5 4. Bd3 Nc6 5. c3 Qc7 6. Ne2 Bg4 7. 0-0 e6 8. Qe1 Nf6 9. f3 Bh5 10. Qh4 Rg8 11. f4 Bxe2 12. Bxe2 Bd6 13. Nd2 0-0-0 14. Nf3 h6 15. Ne5 Ne4 16. Qh3 f5 17. Be3 Kb8 18. c4 Bxe5 19. fxe5 dxc4 20. Bxc4 Nxd4 21. Rac1 Qe7 22. b4 Nc6 23. b5 Nxe5 24. b6 Ng4 25. bxa7+ Ka8 26. Be2 h5 27. Bb6 Rc8 28. Qd3 Ne5 29. Qb5 Nd7 30. Bd4 e5 31. Ba1 Rxc1 32. Rxc1 Qa3 33. Rf1 Qe3+ 34. Kh1 Nf2+ 35. Rxf2 Qxf2 36. h3 Qe1+ 37. Kh2 Qxa1 38. Qxd7 Qxa2 39. Bxh5 Qf2 40. Bf7 Qf4+ 41. Kh1 Qc1+ 42. Kh2 Rc8 43. Bd5 Qf4+ 44. g3 Qd2+ 0-1

[Event "Moscow op-A 16th"]
[Site "Moscow"]
[Date "2020.01.31"]
[Round "7"]
[White "Nazarov, Denis"]
[Black "Alekseev, Mikhail1111"]
[Result "1-0"]
[WhiteElo "2146"]
[BlackElo "1948"]
[PlyCount "111"]
[EventDate "2020.01.25"]
[EventType "swiss"]
[EventRounds "9"]
[EventCountry "RUS"]
[SourceTitle "CBM 194 Extra"]
[Source "ChessBase"]
[SourceDate "2020.03.31"]
[SourceVersion "1"]
[SourceVersionDate "2020.03.31"]
[SourceQuality "1"]

1. e4 c6 2. d4 d5 3. exd5 cxd5 4. Bd3 Nc6 5. c3 Nf6 6. Bf4 Bg4 7. Qb3 Qd7 8. Nd2 e6 9. Ngf3 Bxf3 10. Nxf3 Bd6 11. Bg3 0-0 12. 0-0 Bxg3 13. hxg3 Ne4 14. Bxe4 dxe4 15. Nd2 Qd5 16. Rfe1 Na5 17. Qa4 f5 18. f3 Nc6 19. fxe4 fxe4 20. Nxe4 e5 21. dxe5 Nxe5 22. Rad1 Nd3 23. Re2 Rae8 24. Qc2 Rxe4 25. Rxe4 Qxe4 26. Qxd3 Qg4 27. Rf1 Re8 28. Qd5+ Kh8 29. Qf5 Qxf5 30. Rxf5 Kg8 31. Rd5 Re7 32. Kf2 Kf7 33. Rd6 Ke8 34. Rd4 Re5 35. Kf3 Rf5+ 36. Ke3 Rf1 37. Re4+ Kd8 38. Rf4 Rb1 39. b3 Re1+ 40. Kd3 Rd1+ 41. Kc4 Ke7 42. Re4+ Kf6 43. Rd4 Rg1 44. Rd2 g5 45. Kd5 Kf5 46. c4 Kg4 47. c5 Kxg3 48. b4 Rb1 49. Kc4 g4 50. b5 Rc1+ 51. Kd5 Rb1 52. a4 Rf1 53. c6 bxc6+ 54. bxc6 h5 55. c7 Rc1 56. Kd6 1-0

[Event "RUS-chT U14 final"]
[Site "Sochi"]
[Date "2019.05.04"]
[Round "4.2"]
[White "Nazarov, Denis"]
[Black "Alekseenko, Mariya"]
[Result "0-1"]
[WhiteElo "1963"]
[BlackElo "1846"]
[PlyCount "108"]
[EventDate "2019.05.01"]
[EventType "team-tourn"]
[EventRounds "9"]
[EventCountry "RUS"]
[SourceTitle "CBM 190 Extra"]
[Source "ChessBase"]
[SourceDate "2019.07.15"]
[SourceVersion "1"]
[SourceVersionDate "2019.07.15"]
[SourceQuality "1"]

1. d4 c5 2. d5 e5 3. c4 d6 4. Nc3 Nf6 5. e4 Nbd7 6. Nf3 a6 7. Bd3 g6 8. h3 Bg7 9. Be3 0-0 10. g4 Ne8 11. Qe2 Nc7 12. h4 b5 13. cxb5 axb5 14. Nxb5 Nxb5 15. Bxb5 Nf6 16. g5 Nh5 17. Rg1 Nf4 18. Qd2 Qb6 19. Bc4 Bd7 20. b4 Qxb4 21. Qxb4 cxb4 22. Rb1 Rfc8 23. Nd2 f5 24. f3 Ra3 25. Bb3 Bb5 26. Kf2 Nh3+ 27. Kg2 Nxg1 28. Rxg1 Ba4 29. Nb1 Bxb3 30. Nxa3 Bxa2 31. Ra1 b3 32. Bc1 Bf8 33. Kf2 Be7 34. Ke2 Bd8 35. Kd3 Bb6 36. Bb2 fxe4+ 37. fxe4 Rf8 38. Re1 Rf3+ 39. Kd2 Ba5+ 40. Ke2 Rf4 41. Rc1 Rxe4+ 42. Kd3 Rxh4 43. Rc8+ Kf7 44. Rb8 Rh3+ 45. Ke4 Bd2 46. Bxe5 Re3+ 47. Kd4 dxe5+ 48. Kc5 Re4 49. Kc6 Bxg5 50. Nb5 Rc4+ 51. Kd7 Kg7 52. Nd6 Rd4 53. Ne8+ Kh6 54. d6 Rd2 0-1

[Event "RUS-chT U14 final"]
[Site "Sochi"]
[Date "2019.05.02"]
[Round "2.2"]
[White "Nazarov, Denis"]
[Black "Kulik, Artur"]
[Result "0-1"]
[WhiteElo "1963"]
[BlackElo "2098"]
[PlyCount "72"]
[EventDate "2019.05.01"]
[EventType "team-tourn"]
[EventRounds "9"]
[EventCountry "RUS"]
[SourceTitle "CBM 190 Extra"]
[Source "ChessBase"]
[SourceDate "2019.07.15"]
[SourceVersion "1"]
[SourceVersionDate "2019.07.15"]
[SourceQuality "1"]

1. d4 Nf6 2. c4 e6 3. g3 d5 4. Bg2 Bb4+ 5. Nd2 0-0 6. Ngf3 dxc4 7. Qc2 a6 8. Qxc4 Be7 9. 0-0 b5 10. Qc2 Bb7 11. b3 Nbd7 12. Bb2 Rc8 13. Rac1 c5 14. dxc5 Bxc5 15. Qb1 Qb6 16. b4 Bxb4 17. Bxf6 Rxc1 18. Rxc1 Bxd2 19. Bxg7 Bxc1 20. Bxf8 Be3 21. Ba3 Bxf2+ 22. Kh1 Qe3 23. Qb2 Bxf3 24. Bxf3 Ne5 25. Qb4 Ng6 26. Bb2 Qb6 27. Be4 e5 28. Ba3 Qe6 29. Kg2 Bd4 30. h3 Qxa2 31. Kf3 Qe6 32. g4 Qf6+ 33. Bf5 Qc6+ 34. Be4 Qf6+ 35. Bf5 a5 36. Qxb5 Qg5 0-1